000 00322nam a22001337a 4500
008 170609b xxu||||| |||| 00| 0 eng d
020 _a9780575401020
041 _aeng
080 _a328
100 _a19
101 _aSHP
245 _aMUDDLING THROUGH POWER POLITICS AND THE QUALITY
_cHENNESY.P
942 _2udc
_cBK
999 _c16623
_d16623